000 00605nam a2200241Ia 4500
003 OSt
005 20221005114512.0
006 a|||||r|||| 00| 0
007 ta
008 221004b |||||||| |||| 00| 0 eng d
024 _a57722
037 _cTextual
040 _aCRL
_cCRL
_beng
041 _2eng
_aeng
082 _aT:31e, J7
100 _aFinn James D
_9626053
245 0 _aAudio-Visual equipment manual ed by Edgar dale.
260 _c1957
650 _a TEACHING
_934578
650 _aEDUCATION
942 _hT:31e, J7
_cTEXL
_2cc
999 _c1031507
_d1031507